000 00496cam a2200193ua 4500
001 394
008 110331n xxu |||gr||||Z||||||eng
040 _cMAIN
082 _a327.09041043
245 1 _a20th years` crisis
_cby Edward Hallett Carr
250 _a2nd.
260 _aNew York:
_bMacmillan,962.
300 _axii, 244p:
_c25cm.
653 _aPolitical science
653 _aPolitical science
653 _aTwenty years` crisis
700 _aCarr, Edward Hallett.,
_eAuthor.
942 _cBK
999 _c340
_d340